00567nam a2200205Ia 450000500170000000800410001702000150005808200130007310000180008624500230010425000080012726000590013530000130019465000140020765000110022165000130023294200060024595200950025199900150034620240826022857.0240331s9999 xx 000 0 und d a9555800286 bSIRa800 aSiriwardena,R 0aAmong my souvenirs a2nd aColombobInternational Centre for Ethnic Studiesc2006 a187 p ., aPolitical aSocial aViolence cL 001040708LaWERCLbWERCLcSSCd2024-03-31l0o 800 SIRp6570r2024-03-31w2024-03-31yL c4971d4971